000 00496nam a22001817a 4500
005 20251108164055.0
008 250721s1998 xx 000 0 ara d
082 1 4 _a517/فلي
100 1 _aفليفل، كامل
245 1 0 _aالتفاضل و التكامل /
264 1 _aعمان :
_bدار حنين،
_c1998.
300 _a392ص
650 1 7 _aحساب التفاضل
650 1 7 _aحساب التكامل
700 1 _aفليفل، إبراهيم
942 _2ddc
_cBK
999 _c2938
_d2938